Migranti e Rifugiati Guida ai servizi del territorio

Đã lưu trong:
Chi tiết về thư mục
Tác giả của công ty: Comune di Roma
Định dạng: Sách
Ngôn ngữ:Tiếng Anh
Được phát hành: Roma Comune di Roma
Các nhãn: Thêm thẻ
Không có thẻ, Là người đầu tiên thẻ bản ghi này!

MARC

LEADER 00000nam a2200000 4500
005 20240529192322.0
008 240529b |||||||| |||| 00| 0 eng d
040 |c GP 
110 |a Comune di Roma 
245 |a Migranti e Rifugiati  |b Guida ai servizi del territorio 
260 |a Roma  |b Comune di Roma 
942 |2 ddc  |c BK  |n 0 
952 |0 0  |1 0  |2 ddc  |4 0  |6 362_840000000000000_COM  |7 1  |9 1326  |a RM  |b RM  |d 2024-05-29  |l 0  |o 362.84 COM  |p 152  |r 2024-05-29 19:23:42  |w 2024-05-29  |y BK 
999 |c 1223  |d 1223